00567nam a2200169Ia 4500008004100000100001500041245009700056245001500153260005900168260000900227300001000236650001800246650001500264856002600279999001900305952007300324170221s9999 xx 000 0 und d aShilpi Jha aInnovations in Placing Advertisements on Television: An Analysis of News Channels in India  cShilpi Jha bOnline Journal of Communication and Media Technologies c2014 a4 : 4 xCommunication xMedia Arts uhttp://www.ojcmt.net/ c307173d307173 001040aCLbCLd2017-02-21l0r2017-02-21 00:00:00w2017-02-21yFOJ